| 000 | 00421nam a2200181Ia 4500 | ||
|---|---|---|---|
| 001 | 16648 | ||
| 005 | 20260306170325.0 | ||
| 008 | 260306t2004||||xx |||||||||||||| ||und|| | ||
| 041 | _aESP | ||
| 082 |
_a348.8182 _bS19 |
||
| 100 |
_aSambrizzi, Eduardo A. _eAUT |
||
| 245 | 0 | _aDerecho y eugenesia | |
| 260 | _c2004 | ||
| 300 |
_a246 páginas : _c23 cm. |
||
| 650 | _aGEN | ||
| 654 | _aCDE | ||
| 942 |
_cLIB _dJUS _fJUS _2ddc _n |
||
| 999 |
_c16648 _d16648 |
||